00253nam a2200109Ia 4500008004100000082001700041100000800058245003000066250000800096260002300104650001600127150201s2007 xx 000 0 und d a618.92bM07W aWHO aMANAGING NEWBORN PROBLEMS a1ST bAITBSaDELHIc2007 aPAEDIATRICS